01122nam a2200229 a 450000100100000000500170001000800410002704000250006824501490009326000860024230000210032850000750034950000210042450000730044559000750051870000260059370000290061970000400064804900090068895201780069799900170087500003470720200930073843.0111019s1960 mx 000 0 spa d aDO-SdBNPbspacBNPHU00aPsicología /credaccion A.A. Smirnov... [et al.] ;autores S.L. Rubinstein... [et al.] ; traduccion directa del ruso por Florencio Villa Landa. aMéxico :bInstituto de Investigación CientíficabEditorial Grijalbo,c1960. a571 p. ;c22 cm. apublicado por Academia de Ciencias Pedagogicas de la R.S.S.F. de Rusia aIncluye índice aIncluye referencias bibliográficas y notas al pie de las páginas aPerteneció a la biblioteca personal de Juan Isidro Jimenes Grullón12aSmirnov, A. A.96016312aRubinstein, S. L.9601641 aVilla Landa, Florentinoetr.960165 aBNPD 001050718RVaGRbGRcCTd2011-10-19iLF1l0o p34707-10r2020-06-25w2020-06-25y1zPerteneció a la biblioteca personal de Juan Isidro Jimenes Grullón.ZNo se presta c34198d34198